| 000 | 00997cam a2200229 4500 | ||
|---|---|---|---|
| 001 | ABS68611 | ||
| 008 | 050128n2005 000 0 eng u | ||
| 035 | _a(Sirsi) u128664 | ||
| 100 | _aFoyle, J. | ||
| 245 | _aPaint expression | ||
| 260 | _c2005 | ||
| 490 |
_aArchitects' Journal _v221(1) 13 January 2005, 36-38(3) |
||
| 520 | _aSixth in a series of articles on the history and conservation of building materials. Looks at the application of paint in the past and examines the sources of different colours. Concludes buildings were often more colourful historically and illustrates the point with a case study of the restoration of Buxton Opera House with a paint scheme sympathetic to its past appearance. (See also Abs67998, Abs68102, Abs68202, Abs68306 and Abs68417). | ||
| 590 | _aABS | ||
| 590 | _aABS | ||
| 650 | _aBUILDING MATERIALS | ||
| 650 | _aHISTORICAL BUILDINGS | ||
| 650 | _aPAINT | ||
| 650 | _aDECORATIVE FINISHES | ||
| 690 | _aBUILDING CONSERVATION | ||
| 942 | _n0 | ||
| 999 |
_c118495 _d118495 |
||